Normal view
MARC view
- ريادة الاعمال
Entry Topical Term
001 - CONTROL NUMBER
- control field: 62432
003 - CONTROL NUMBER IDENTIFIER
- control field: JO-AjAnu
005 - DATE AND TIME OF LATEST TRANSACTION
- control field: 20230606084209.0
008 - FIXED-LENGTH DATA ELEMENTS
- fixed length control field: 230606|| aca||aabn | a|a d
040 ## - CATALOGING SOURCE
- Original cataloging agency: JO-AjAnu
- Transcribing agency: JO-AjAnu
150 ## - HEADING--TOPICAL TERM
- Topical term or geographic name entry element: ريادة الاعمال
670 ## - SOURCE DATA FOUND
- Source citation: Work cat.: (JO-AjAnu)31838: إعداد بني اسماعيل، فؤاد حسن ناصر؛ إشراف بدر عايد القعيد, author 62431, دور وسائل التواصل الإجتماعي في تطوير ريادة الأعمال الرقمية في الأردن= The Role of Social Media in Developing Ditgital Entrepreneurship in jordan